Piknik

Bibliographic Details
Main Author: Smoček, Ladislav (Author)
Format: Book
Language:Undetermined
PhysicalDescription:54 s.
Published: Bratislava Diliza 1965
Edition:1. vyd.

MARC

LEADER 00000nam a2200000 a 4500
001 vtls001459070
003 SK-MaSNL
005 20260301121544.0
008 240313s1965 xx 0 und
035 |a SNK000414377 
040 |a SNK  |b slo  |c SNK  |e AACR2 
100 1 |a Smoček, Ladislav  |4 aut  |9 460237 
245 1 |a Piknik 
250 |a 1. vyd. 
260 |a Bratislava  |b Diliza  |c 1965 
300 |a 54 s. 
958 |a OND 
999 |c 729820  |d 731750 
952 |t P60, <04>, [BOOK], {604}  |a SNK  |b SNK  |y VYP  |7 0  |p 17A0394894  |o snkSB 11787 D1  |i snkK 1002/67  |0 0  |1 0  |4 0  |d 2003-08-26  |l 0  |r 2005-01-02 00:00:00  |w 2026-02-23 
952 |a SNK  |b SNK  |y PREZ  |7 0  |p 17A0798285  |o snkSB 11787  |0 0  |1 0  |4 0  |d 2012-08-01  |l 0  |r 2025-03-12 00:00:00  |w 2026-02-23